Cuiabá : (Record no. 1283)

MARC details
000 -LÍDER
Campo Fixo de Controle 00634nam a2200217 a 4500
001 - NÚMERO DE CONTROLE
Campo de Controle 1283
003 - IDENTIFICAÇÃO DO NÚMERO DE CONTROLE
Campo de Controle BR-CuiBMT
005 - DATA E HORA DA ÚLTIMA ATUALIZAÇÃO
Campo de Controle 20231205194330.0
008 - DADOS FIXOS
Dados Fixos 231204s2000 mtba 000 0 por d
040 ## - AGÊNCIA CATALOGADORA
Código da Agência Catalogadora BR-CuiBMT
Agência que transcreveu o registro BR-CuiBMT
080 ## - Nº DA CLASSIFICAÇÃO DECIMAL UNIVERSAL
Nº edição CDU 2007
Nº Class. CDU 94
Subd. Auxiliar Comum (817.2)
090 ## - NÚMERO DE CHAMADA
Nº classificação 94(817.2)
Cutter C966
245 00 - TÍTULO PRINCIPAL
Título principal Cuiabá :
Subtítulo uma janela para a história /
Indicação de responsabilidade Bernadete Durães Araújo, organizadora.
246 12 - FORMAS VARIANTES DO TÍTULO
Título principal A window into history
260 ## - PUBLICAÇÃO, DISTRIBUIÇÃO, ETC.
Local de publicação Cuiabá :
Editora B. D. Araújo,
Data 2000.
300 ## - DESCRIÇÃO FÍSICA
N. páginas ou volumes 96 p. :
Ilustrações il. color. ;
650 ## - ASSUNTO TÓPICO
Cabeçalho tópico ou nome geográfico Cuiabá
Subdivisão de forma História
650 ## - ASSUNTO TÓPICO
Cabeçalho tópico ou nome geográfico Arquitetura
Subdivisão geográfica Cuiabá
650 ## - ASSUNTO TÓPICO
Cabeçalho tópico ou nome geográfico Fotografias
Subdivisão geográfica Cuiabá
942 ## - ELEMENTOS DE ENTRADA ADICIONAIS (KOHA)
Fonte de classificação ou esquema de arquivamento Classificação Decimal Universal
Tipo de item do Koha Livros
Holdings
Estado: removido Estado: perdido Fonte de classificação ou esquema de arquivamento Estado: danificado Indisponível para empréstimo Localização permanente Localização atual Data de aquisição Total Checkouts Número de Chamada completo Código de barras Date last seen Número do exemplar Preço efetivo a partir de Tipo de item (Koha)
    Classificação Decimal Universal     Biblioteca da Escola Superior de Contas do TCE/MT Biblioteca da Escola Superior de Contas do TCE/MT 04/12/2023   94(817.2) C966 BIBTCEMT23120107 04/12/2023 Ex. 1 04/12/2023 Livros

Powered by Koha